000 00307nam a22001337a 4500
008 180127b xxu||||| |||| 00| 0 eng d
020 _a9780697171092
041 _aeng
080 _a611
100 _a6
101 _aANA
245 _aColoring Guide to Anatomy & Physiology
_cStone, J.A
942 _2udc
_cBK
999 _c41088
_d41088